000 00600nam a2200181Ia 4500
008 090124s9999 xx 000 0 und d
082 _b42711
100 _aMAHESHWARI OMPRAKASH
245 _a"SCHOLARS' QUESTION BANK-HINDI,MARATHI,HIS.&CIVICS GEO.& ECONOMICS "
250 _a17
260 _bSCHOLARS' ACADEMY
_c2003
300 _a337+4
600 _aMAHESHWARI OMPRAKASH
630 _a"SCHOLARS' QUESTION BANK-HINDI,MARATHI,HIS.&CIVICS GEO.& ECONOMICS "
700 _aMAHESHWARI OMPRAKASH
730 _a"SCHOLARS' QUESTION BANK-HINDI,MARATHI,HIS.&CIVICS GEO.& ECONOMICS "
942 _cBOOK
999 _c108928
_d108928